| 000 | 00733nam a2200229Ia 4500 | ||
|---|---|---|---|
| 999 |
_c65220 _d65220 |
||
| 005 | 20240530110813.0 | ||
| 008 | 140319s2008 au a f b 000 0 ara d | ||
| 017 |
_a2007/22394 _bمصر. دار الكتب |
||
| 020 | _a977208709x | ||
| 040 |
_aGCL / _cGCL |
||
| 082 | 0 | 4 |
_221 _a739.4 / _bأ م |
| 100 | 0 | _aاسامة الفقى | |
| 245 | 1 | 2 |
_aالمنتقى من اشغال الحديد / _cاسامة الفقى |
| 250 | _aط.1 | ||
| 260 |
_aالقاهرة : _bمكتبة مدبولى، _c2008 . |
||
| 300 |
_a623 ص. : _bصور. ؛ _c28 سم. |
||
| 650 | 0 | 7 |
_aاشغال الحديد _2qrmak |
| 650 | 0 | 7 | _aاشغال المعادن |
| 651 | _2qrmak | ||
| 942 |
_2ddc _cBK |
||